Furbearers in Kansas: a guide to trapping (Registro nro. 10874)

Detalles MARC
000 -CABECERA
Campo de control 004470000a22001450004500
090 ## - CLASIFICACIÓN LOCAL
Colección AR
Consecutivo 01797
041 0# - IDIOMA
Código de idioma para texto/pista de sonido o título separado
100 1# - ASIENTO PRINCIPAL--NOMBRE PERSONAL
Nombre personal Stains, Howard J.
245 10 - MENCION DE TITULO
Título Furbearers in Kansas: a guide to trapping
650 14 - ASIENTO SECUNDARIO DE MATERIA - TERMINO TEMATICO
Término temático o nombre geográfico como elemento de entrada Trampas para animales
651 #4 - ASIENTO SECUNDARIO DE MATERIA - NOMBRE GEOGRAFICO
-- Kansas
-- Estados Unidos
700 1# - ASIENTO SECUNDARIO - NOMBRE PERSONAL
Nombre personal Bker, Rollin H.
773 1# - Item fuente:
Título State Biological Survey and Museum of Natural History
Especificación de materiales 606
Paginas del Articulo 3-17
Lugar, editorial y fecha de publicación 1980?
942 ## - ELEMENTOS ADICIONALES (KOHA)
Tipo de ítem Artículo
Existencias
Withdrawn status Lost status Damaged status No para préstamo Colección Ubicación Permanente Ubicación actual Fecha de adquisición Fuente de Valor Datos de publicación Seriada Total Checkouts Número topográfico Inventario / Código de Barras Date last seen Ejemplar Price effective from Forma de adquisición Tipo de material
      No para Préstamo Hemeroteca Bogotá Bogotá 27/02/2015 Muñoz Saba, Yaneth Fuera de circulación   AR 01797 012159 25/03/2015 1 25/03/2015   Artículo